[Event "Collado Villalba Grupo Gallinero op 1st"]
[Site "Collado Villalba"]
[Date "2022.08.15"]
[Round "7"]
[White "Garcia Lopez, Fernando"]
[Black "Toribio Camunas, Silvia"]
[Result "1/2-1/2"]
[WhiteElo "1391"]
[BlackElo "1437"]
[PlyCount "73"]
[EventDate "2022.08.12"]
[EventType "swiss"]
[EventRounds "9"]
[EventCountry "ESP"]
[SourceTitle "CBM 210 Extra"]
[Source "ChessBase"]
[SourceDate "2022.11.30"]
[SourceVersion "1"]
[SourceVersionDate "2022.11.30"]
[SourceQuality "1"]

1. e4 c5 2. Nf3 g6 3. c3 Nc6 4. d4 cxd4 5. cxd4 d5 6. e5 Bg4 7. Bb5 Qa5+ 8. Nc3 a6 9. Bxc6+ bxc6 10. Qa4 Qxa4 11. Nxa4 Bxf3 12. gxf3 e6 13. a3 Ne7 14. Ke2 Nf5 15. Be3 Rc8 16. Rac1 Be7 17. Rc2 Bh4 18. Rhc1 Ne7 19. Nc5 Ra8 20. Rg1 0-0 21. Nd7 Rfd8 22. Nf6+ Kg7 23. Nh5+ Kh8 24. Nf4 Rdc8 25. Nd3 Rab8 26. Rg4 Nf5 27. Nc5 Rb6 28. Rg1 Nxe3 29. fxe3 Be7 30. b4 Bxc5 31. dxc5 Rb5 32. Rb1 a5 33. Rcb2 a4 34. Kd3 Rd8 35. Kd4 Kg7 36. Rg1 h5 37. Rbg2 1/2-1/2

[Event "Collado Villalba op 38th"]
[Site "Collado Villalba"]
[Date "2021.08.26"]
[Round "6"]
[White "Rapaport, Andres Natalio"]
[Black "Garcia Lopez, Fernando"]
[Result "0-1"]
[WhiteElo "1201"]
[BlackElo "1457"]
[PlyCount "124"]
[EventDate "2021.08.21"]
[EventType "swiss"]
[EventRounds "9"]
[EventCountry "ESP"]
[SourceTitle "CBM 204 Extra"]
[Source "ChessBase"]
[SourceDate "2021.11.30"]
[SourceVersion "1"]
[SourceVersionDate "2021.11.30"]
[SourceQuality "1"]

1. d4 d5 2. c4 e6 3. Nc3 Nf6 4. Nf3 c6 5. Bg5 Nbd7 6. cxd5 cxd5 7. e3 Qa5 8. a3 Ne4 9. Qc2 Bb4 10. Rc1 Bxc3+ 11. bxc3 Qxa3 12. Bd3 f5 13. 0-0 a6 14. Bxe4 dxe4 15. Ra1 Qf8 16. Nd2 h6 17. Bf4 Qe7 18. Nc4 Kf7 19. Ne5+ Nxe5 20. Bxe5 b5 21. f3 Bb7 22. f4 Rhc8 23. Qb2 Rc4 24. Rab1 Rac8 25. Rfc1 Qd7 26. Qa3 Qc6 27. Rb3 Qb6 28. Qd6 Qxd6 29. Bxd6 Bd5 30. Bc5 Ra4 31. Rb4 Ra2 32. Rbb1 Rc6 33. Ra1 Re2 34. Re1 Rxe1+ 35. Rxe1 a5 36. Ra1 a4 37. Ra3 g5 38. g3 gxf4 39. gxf4 Rc8 40. Kf2 h5 41. Ra1 Rg8 42. Rg1 Ra8 43. Ra1 Rg8 44. Rg1 Rg4 45. Rxg4 hxg4 46. Kg3 Kg6 47. Bb4 Bc4 48. Ba3 Bf1 49. Bb4 Kf7 50. Kf2 Bd3 51. Kg3 Ke8 52. Kh4 Kd7 53. Kg5 Bc4 54. Kf6 Kc6 55. Ke5 Bd5 56. Bc5 Kb7 57. Kd6 Ka6 58. Bb4 a3 59. Bxa3 Ka5 60. Bb4+ Ka4 61. Kc5 Bc4 62. Kb6 Kb3 0-1

[Event "Collado Villalba op-B 35th"]
[Site "Collado Villalba"]
[Date "2018.09.01"]
[Round "9"]
[White "Enriquez Pastor, Jorge"]
[Black "Garcia Lopez, Fernando"]
[Result "1-0"]
[WhiteElo "1430"]
[BlackElo "1558"]
[PlyCount "105"]
[EventDate "2018.08.24"]
[EventType "swiss"]
[EventRounds "9"]
[EventCountry "ESP"]
[SourceTitle "CBM 186 Extra"]
[Source "ChessBase"]
[SourceDate "2018.08.24"]
[SourceVersion "1"]
[SourceVersionDate "2018.08.24"]
[SourceQuality "1"]

1. e4 e5 2. Nf3 Nc6 3. Bb5 a6 4. Ba4 Nf6 5. 0-0 Be7 6. Re1 b5 7. Bb3 d6 8. h3 0-0 9. c3 Re8 10. d4 Bf8 11. Nbd2 Bb7 12. d5 Na5 13. Bc2 c6 14. b4 Nc4 15. Nxc4 bxc4 16. Ba4 Rc8 17. Qe2 Re7 18. dxc6 Bxc6 19. Bxc6 Rxc6 20. a4 Rb7 21. Ba3 Ne8 22. Rad1 Qf6 23. Nd2 Qe6 24. Nf1 Qc8 25. Ne3 Nf6 26. Nd5 Nxd5 27. Rxd5 Qe8 28. a5 Rb5 29. Rxb5 axb5 30. Rd1 Qb8 31. Bc1 Qd8 32. Be3 Qe8 33. Bb6 Qa8 34. Rd5 Qa6 35. Qg4 Rc8 36. Qd7 g6 37. Qxb5 Qa8 38. Qd7 Rc6 39. Rb5 f5 40. Qe6+ Kh8 41. exf5 d5 42. Qxe5+ Bg7 43. Qxd5 Rc8 44. Qxa8 Rxa8 45. Bd4 Bxd4 46. cxd4 gxf5 47. Rc5 c3 48. Rxc3 Ra6 49. Rd3 Kg7 50. d5 Rd6 51. b5 Kf7 52. b6 Ke7 53. b7 1-0

[Event "Tres Cantos op 9th"]
[Site "Tres Cantos"]
[Date "2017.06.23"]
[Round "2"]
[White "Bento Iglesias, Pablo"]
[Black "Garcia Lopez, Fernando"]
[Result "1-0"]
[WhiteElo "2003"]
[BlackElo "1573"]
[PlyCount "65"]
[EventDate "2017.06.22"]
[EventType "swiss"]
[EventRounds "9"]
[EventCountry "ESP"]
[SourceTitle "EXT 2019"]
[Source "ChessBase"]
[SourceDate "2018.10.10"]
[SourceVersion "1"]
[SourceVersionDate "2018.10.10"]
[SourceQuality "1"]

1. e4 e5 2. Nf3 Nc6 3. Bb5 a6 4. Ba4 Nf6 5. 0-0 Be7 6. Re1 b5 7. Bb3 d6 8. c3 0-0 9. d3 Bg4 10. h3 Bh5 11. Nbd2 Re8 12. Nf1 Na5 13. Bc2 Nd7 14. b4 Nb7 15. Ng3 Bg6 16. Bb2 c5 17. bxc5 dxc5 18. Nf1 Bf8 19. Ne3 Nb6 20. a4 c4 21. dxc4 Nxc4 22. Nxc4 bxc4 23. Qe2 Rc8 24. Red1 Qf6 25. Rd5 Bh5 26. g4 Bg6 27. Bc1 Bd6 28. Rb1 Rc7 29. Rb6 Qe7 30. Qd2 Rd8 31. Nxe5 Bxe5 32. Rxb7 Rxd5 33. Rb8+ 1-0

[Event "San Sebastian de los Reyes op 18th"]
[Site "San Sebastian"]
[Date "2016.12.11"]
[Round "9"]
[White "Vazquez Rodriguez, Francisco"]
[Black "Garcia Lopez, Fernando"]
[Result "1-0"]
[WhiteElo "1529"]
[BlackElo "1608"]
[PlyCount "143"]
[EventDate "2016.12.03"]
[EventType "swiss"]
[EventRounds "9"]
[EventCountry "ESP"]
[SourceTitle "CBM 176 Extra"]
[Source "ChessBase"]
[SourceDate "2017.03.02"]
[SourceVersion "1"]
[SourceVersionDate "2017.03.02"]
[SourceQuality "1"]

1. e4 e5 2. Nf3 Nc6 3. Bb5 a6 4. Ba4 Nf6 5. d3 b5 6. Bb3 Be7 7. c3 d6 8. Nbd2 0-0 9. Nf1 Bg4 10. h3 Bd7 11. Ng3 Na5 12. Bc2 c5 13. Bd2 Re8 14. 0-0 g6 15. Re1 Bf8 16. Ng5 c4 17. Nf3 cxd3 18. Bxd3 Nb7 19. b4 Rc8 20. Rc1 Be6 21. a3 Bc4 22. Bxc4 Rxc4 23. Qb3 Qa8 24. Bg5 Nxe4 25. Nxe4 Rxe4 26. Rxe4 Nc5 27. bxc5 Qxe4 28. cxd6 Bxd6 29. Re1 Qc4 30. Qxc4 bxc4 31. a4 Kg7 32. Nd2 f6 33. Be3 Rc8 34. Rb1 Ba3 35. Rb7+ Kg8 36. Rb6 f5 37. Nb1 Bc5 38. Bxc5 Rxc5 39. Rxa6 Rd5 40. Rb6 e4 41. g3 Kg7 42. Kf1 g5 43. Ke2 h5 44. Rb5 Rd6 45. Rxf5 Kg6 46. Rb5 Rd3 47. Re5 h4 48. Rxe4 hxg3 49. fxg3 Rxg3 50. h4 Rg2+ 51. Kf3 Rb2 52. Na3 Ra2 53. Nxc4 gxh4 54. Rxh4 Kg5 55. Rg4+ Kf6 56. Re4 Rxa4 57. Ke3 Ra1 58. Kd3 Rh1 59. Nd2 Rh3+ 60. Re3 Rxe3+ 61. Kxe3 Ke5 62. Nb3 Kd5 63. Kd3 Kc6 64. Kc4 Kb6 65. Kd5 Kc7 66. Kc5 Kd7 67. Kb6 Kc8 68. Kc6 Kb8 69. Kd7 Ka7 70. c4 Kb7 71. c5 Kb8 72. c6 1-0

[Event "San Sebastian de los Reyes op 18th"]
[Site "San Sebastian"]
[Date "2016.12.03"]
[Round "1"]
[White "Torres Bosch, Jose Francisco"]
[Black "Garcia Lopez, Fernando"]
[Result "1-0"]
[WhiteElo "2142"]
[BlackElo "1608"]
[PlyCount "77"]
[EventDate "2016.12.03"]
[EventType "swiss"]
[EventRounds "9"]
[EventCountry "ESP"]
[SourceTitle "CBM 176 Extra"]
[Source "ChessBase"]
[SourceDate "2017.03.02"]
[SourceVersion "1"]
[SourceVersionDate "2017.03.02"]
[SourceQuality "1"]

1. d4 Nf6 2. Nf3 d6 3. c4 c5 4. e3 cxd4 5. exd4 g6 6. Be2 Bg7 7. 0-0 0-0 8. Re1 Re8 9. Nc3 Bg4 10. h3 Bxf3 11. Bxf3 Nc6 12. Be3 Rc8 13. Qa4 Qa5 14. Bxc6 Qxa4 15. Bxa4 Red8 16. Bb3 Nd7 17. Bg5 Bf6 18. Bxf6 exf6 19. Re7 Kf8 20. Rae1 Ne5 21. Rxb7 Nc6 22. d5 Ne5 23. Rxa7 Re8 24. Re2 Nxc4 25. Rxe8+ Kxe8 26. Bxc4 Rxc4 27. Kf1 Rb4 28. b3 f5 29. Ke2 Rb8 30. Kd3 Rd8 31. Nb5 h6 32. a4 Kf8 33. a5 Rb8 34. Kc4 Rc8+ 35. Nc7 Ke7 36. b4 Kd7 37. b5 Rxc7+ 38. Rxc7+ Kxc7 39. b6+ 1-0

[Event "San Sebastian de los Reyes op 17th"]
[Site "San Sebastian"]
[Date "2015.12.06"]
[Round "7"]
[White "Galan Aguado, Fernando"]
[Black "Garcia Lopez, Fernando"]
[Result "1-0"]
[WhiteElo "1720"]
[BlackElo "1644"]
[PlyCount "131"]
[EventDate "2015.11.30"]
[EventType "swiss"]
[EventRounds "9"]
[EventCountry "ESP"]
[SourceTitle "CBM 170 Extra"]
[Source "ChessBase"]
[SourceDate "2016.02.25"]
[SourceVersion "1"]
[SourceVersionDate "2016.02.25"]
[SourceQuality "1"]

1. d4 Nf6 2. Nf3 e6 3. e3 c5 4. Bd3 d5 5. b3 Nc6 6. 0-0 Bd6 7. Bb2 0-0 8. Ne5 cxd4 9. exd4 Nd7 10. f4 Nf6 11. Nd2 a6 12. a3 Ne7 13. c4 b6 14. b4 Rb8 15. Qc2 Bb7 16. Rae1 a5 17. b5 Qc7 18. Rc1 Rbc8 19. Qa4 Qb8 20. Nb3 dxc4 21. Bxc4 Nfd5 22. Nd7 Qa8 23. Nxf8 Kxf8 24. Rf2 Ne3 25. Bf1 Rxc1 26. Bxc1 Nd1 27. Rd2 Ne3 28. Re2 N3d5 29. Qc4 Nxf4 30. Bxf4 Bxf4 31. Qd3 g6 32. Nd2 Qb8 33. h3 Bh2+ 34. Kh1 Nd5 35. Rf2 Bf4 36. Nc4 Ba8 37. Be2 Kg8 38. Bf3 g5 39. Be4 f5 40. Bf3 Qe8 41. Re2 Qd7 42. a4 Bc7 43. Qd2 Bf4 44. Qe1 Qc7 45. Rc2 Qe7 46. Bxd5 Bxd5 47. Nxb6 Bxg2+ 48. Rxg2 h5 49. Qf2 Qd6 50. Nc4 Qc7 51. Qe2 Kf7 52. Ne5+ Kf6 53. Nc6 g4 54. Qe1 g3 55. Qxa5 Qxa5 56. Nxa5 h4 57. Nc6 Kf7 58. Re2 Bc7 59. d5 f4 60. Kg2 f3+ 61. Kxf3 e5 62. Nxe5+ Bxe5 63. Rxe5 Kf6 64. Re6+ Kf5 65. b6 g2 66. Kxg2 1-0

[Event "San Sebastian de los Reyes op 17th"]
[Site "San Sebastian"]
[Date "2015.12.05"]
[Round "6"]
[White "Garcia Lopez, Fernando"]
[Black "Moreno Fernandez, Jaime"]
[Result "1-0"]
[WhiteElo "1644"]
[BlackElo "1313"]
[PlyCount "37"]
[EventDate "2015.11.30"]
[EventType "swiss"]
[EventRounds "9"]
[EventCountry "ESP"]
[SourceTitle "CBM 170 Extra"]
[Source "ChessBase"]
[SourceDate "2016.02.25"]
[SourceVersion "1"]
[SourceVersionDate "2016.02.25"]
[SourceQuality "1"]

1. e4 e5 2. Nf3 Nc6 3. Bb5 a6 4. Ba4 b5 5. Bb3 Nf6 6. 0-0 Nxe4 7. d4 d6 8. Bd5 Bb7 9. Bxe4 Nxd4 10. Bxb7 Nxf3+ 11. Bxf3 Rb8 12. Bc6+ Ke7 13. Nc3 Rb6 14. Nd5+ Ke6 15. Nxb6 cxb6 16. Qd5+ Ke7 17. f4 g6 18. fxe5 dxe5 19. Qxe5# 1-0

[Event "San Sebastian de los Reyes op 17th"]
[Site "San Sebastian"]
[Date "2015.11.30"]
[Round "1"]
[White "Hernando Pertierra, Jose Carlos"]
[Black "Garcia Lopez, Fernando"]
[Result "1-0"]
[WhiteElo "2374"]
[BlackElo "1644"]
[PlyCount "77"]
[EventDate "2015.11.30"]
[EventType "swiss"]
[EventRounds "9"]
[EventCountry "ESP"]
[SourceTitle "CBM 170 Extra"]
[Source "ChessBase"]
[SourceDate "2016.02.25"]
[SourceVersion "1"]
[SourceVersionDate "2016.02.25"]
[SourceQuality "1"]

1. Nf3 Nf6 2. c4 c5 3. g3 e6 4. Bg2 Nc6 5. 0-0 Be7 6. Nc3 0-0 7. d4 d6 8. d5 exd5 9. cxd5 Nb4 10. a3 Na6 11. Nd2 Nc7 12. a4 b6 13. e4 Bb7 14. Nc4 Ba6 15. b3 Nd7 16. f4 Rb8 17. Re1 Bxc4 18. bxc4 Bf6 19. Qd3 Re8 20. Be3 Na6 21. Rac1 Nb4 22. Qd1 Bxc3 23. Rxc3 a5 24. Bc1 Na2 25. Rce3 Nxc1 26. Qxc1 f6 27. Qd1 Nf8 28. h4 Nd7 29. Kh2 Qc7 30. h5 Qa7 31. h6 Nf8 32. e5 fxe5 33. fxe5 gxh6 34. exd6 Rxe3 35. Rxe3 Qd7 36. Re6 Nxe6 37. dxe6 Qg7 38. e7 Kh8 39. Qe2 1-0

[Event "Collado Villalba op-B 32nd"]
[Site "Collado Villalba"]
[Date "2015.08.29"]
[Round "8"]
[White "Garcia Lopez, Fernando"]
[Black "Leniz Martinez, Francisco"]
[Result "1/2-1/2"]
[WhiteElo "1646"]
[BlackElo "1689"]
[PlyCount "48"]
[EventDate "2015.08.22"]
[EventType "swiss"]
[EventRounds "9"]
[EventCountry "ESP"]
[SourceTitle "EXT 2016"]
[Source "ChessBase"]
[SourceDate "2015.10.08"]
[SourceVersion "1"]
[SourceVersionDate "2015.10.08"]
[SourceQuality "1"]

1. e4 c5 2. Nf3 e6 3. d4 cxd4 4. Nxd4 a6 5. Nc3 Qc7 6. Bd3 Nc6 7. Nxc6 bxc6 8. 0-0 Nf6 9. Kh1 Be7 10. f4 Bb7 11. e5 Nd5 12. Nxd5 cxd5 13. Qh5 g6 14. Qh6 Bf8 15. Qh3 Bg7 16. Be3 0-0 17. Bd4 d6 18. Qe3 Rfe8 19. Rf3 dxe5 20. Bxe5 Bxe5 21. Qxe5 Qxe5 22. fxe5 Rac8 23. Raf1 Re7 24. Rf4 Kg7 1/2-1/2

[Event "Collado Villalba op-B 32nd"]
[Site "Collado Villalba"]
[Date "2015.08.28"]
[Round "7"]
[White "De Dompablo Fantova, Juan"]
[Black "Garcia Lopez, Fernando"]
[Result "0-1"]
[WhiteElo "1712"]
[BlackElo "1646"]
[PlyCount "88"]
[EventDate "2015.08.22"]
[EventType "swiss"]
[EventRounds "9"]
[EventCountry "ESP"]
[SourceTitle "EXT 2016"]
[Source "ChessBase"]
[SourceDate "2015.10.08"]
[SourceVersion "1"]
[SourceVersionDate "2015.10.08"]
[SourceQuality "1"]

1. e4 e5 2. Nf3 Nc6 3. Bc4 Nf6 4. d3 Be7 5. 0-0 0-0 6. Re1 d6 7. c3 Na5 8. Nbd2 Nxc4 9. Nxc4 Be6 10. Ne3 c5 11. a4 b6 12. Bd2 Qb8 13. c4 Qb7 14. h3 a6 15. Nd5 Nxd5 16. cxd5 Bd7 17. b4 cxb4 18. Bxb4 a5 19. Bd2 f5 20. Qb3 f4 21. Nxe5 Bd8 22. Nf3 g5 23. Nd4 g4 24. hxg4 Bxg4 25. f3 Bh3 26. Re2 Qg7 27. Ne6 Bxe6 28. dxe6 Qxa1+ 29. Re1 Qd4+ 30. Kf1 Be7 31. Qb5 Qc5 32. Qb3 Bh4 33. e7+ Rf7 34. Re2 Bxe7 35. Bxf4 Qh5 36. Rd2 Qh1+ 37. Ke2 Qxg2+ 38. Ke3 Qg1+ 39. Ke2 Raf8 40. Rc2 Kh8 41. Be3 Qg7 42. Rc1 Qg2+ 43. Bf2 Qxf3+ 44. Kd2 Qxf2+ 0-1

[Event "Collado Villalba op-B 32nd"]
[Site "Collado Villalba"]
[Date "2015.08.26"]
[Round "5"]
[White "Pascual Gomez, Jesus"]
[Black "Garcia Lopez, Fernando"]
[Result "0-1"]
[WhiteElo "1714"]
[BlackElo "1646"]
[PlyCount "56"]
[EventDate "2015.08.22"]
[EventType "swiss"]
[EventRounds "9"]
[EventCountry "ESP"]
[SourceTitle "EXT 2016"]
[Source "ChessBase"]
[SourceDate "2015.10.08"]
[SourceVersion "1"]
[SourceVersionDate "2015.10.08"]
[SourceQuality "1"]

1. e4 e5 2. Nf3 Nc6 3. Bc4 Nf6 4. Nc3 Be7 5. Ng5 0-0 6. 0-0 d6 7. b3 Bg4 8. Be2 Bd7 9. Bb2 Nd4 10. Bc4 b5 11. Bd3 a6 12. Ne2 Nc6 13. h3 Nh5 14. Nf3 Nb4 15. Nc1 Nf4 16. Bc3 Nbxd3 17. Nxd3 Nxd3 18. cxd3 c5 19. Ne1 b4 20. Bb2 Bg5 21. Bc1 Bf4 22. Nc2 Qg5 23. Kh1 Qh6 24. Ne3 Bxh3 25. f3 Bxg2+ 26. Kg1 Qh2+ 27. Kf2 Bg3+ 28. Ke2 Bxf1+ 0-1